Diferenciación poblacional y demografía en el gavilán de Galápagos (Buteo galapagoensis). (Registro nro. 8050)

Detalles MARC
000 -LEADER
fixed length control field 00890nab a22001817u 4500
003 - CONTROL NUMBER IDENTIFIER
control field EC-PaCDF
008 - FIXED-LENGTH DATA ELEMENTS--GENERAL INFORMATION
fixed length control field 060603t20012001||||||||||||||||||||spa||
020 ## - INTERNATIONAL STANDARD BOOK NUMBER
Terms of availability Normal
041 ## - LANGUAGE CODE
Language code of text/sound track or separate title spa
082 ## - DEWEY DECIMAL CLASSIFICATION NUMBER
Classification number 598.944
-- 598.944
100 ## - MAIN ENTRY--PERSONAL NAME
Personal name Parker, P., Bollmer, J., Whiteman, N., Bednarz, J., Levenstein, K., de Vries, T., Lara, A., Jimenez, P.
245 ## - TITLE STATEMENT
Title Diferenciación poblacional y demografía en el gavilán de Galápagos (Buteo galapagoensis).
Remainder of title
Statement of responsibility, etc.
260 ## - PUBLICATION, DISTRIBUTION, ETC.
Place of publication, distribution, etc. Puerto Ayora, Ecuador
Name of publisher, distributor, etc. Estación Científica Charles Darwin
Date of publication, distribution, etc. 2001
300 ## - PHYSICAL DESCRIPTION
Extent : 1-6.
Other physical details Artículo
520 ## - SUMMARY, ETC.
Summary, etc. Reporte de Salida al Campo, Parque Nacional Galápagos
546 ## - LANGUAGE NOTE
Language note Spanish
653 ## - INDEX TERM--UNCONTROLLED
Uncontrolled term Diferenciación poblacional y demografía en el gavilán de Galápagos (Buteo galapagoensis).
-- Buteo galapagoensis, Galápagos hawk, population, demography
-- Buteo galapagoensis, Gavilán de Galápagos, población, demografía
Existencias
Withdrawn status Damaged status Not for loan Collection code Home library Current library Shelving location Date acquired Total Checkouts Full call number Barcode Date last seen Price effective from Koha item type
      Galápagos Corley Smith Library Corley Smith Library Artículos 03/06/2006   598.944 PAR G2003-054:1 01/02/2011 01/02/2011 Artículo

Catálogo
Digital